000 00997cam a22002893a 4500
001 1127
005 20231124110112.0
020 _a078073003990
040 _aJDP
_cJDP
_dLEO
_dSLC
_dOCL
_dOCLCQ
_dDLC
_beng
050 0 0 _aGN31.L4
082 _a813.54
100 1 _aApplegate, Katherine.
245 1 4 _aThe change /
_cK.A. Applegate.
260 _aNew York :
_bScholastic,
_c1997
300 _a162 pages :
_c20 cm
_billustrations ;
490 1 _aAnimorphs ;
_vBook 13
500 _a"An Apple paperback."
505 _aN
520 _aUnable to return to his human form after morphing into a red-tailed hawk, Tobias is assisted by an Ellimist in changing his form into other animals and wonders if he will ever be human again.
521 _a590
_bLexile
521 _aN
_bRaz-Plus
650 0 _aScience fiction.
650 0 _aMetamorphosis
_vJuvenile fiction.
655 7 _aYoung adult fiction.
_2lcsh
906 _a7
_bcbc
_ccopycat
_d2
_encip
_f19
_gy-genrareb
942 _2ddc
_cBK
_n0
999 _c1127
_d1127